000 00305nam a2200133Ia 4500
008 191201s2010 xx 000 0 und d
082 _a658.15
_bDAM
100 _aDAMODARAN, Suma
245 0 _aManagerial Economics
260 _aN.Delhi
_bOxford
_c2010
300 _a591
650 _aMBA
942 _2ddc
_cBK
999 _c2977
_d2977